000 00451 a2200133 4500
001 ART_23606
005 20260410161827.0
008 260409a
245 1 0 _aLa importancia de las áreas naturales protegidas en el turismo litoral de la provincia de Buenos Aires
100 1 _aBertoni, Marcela
700 1 _aLópez, María José
700 1 _aTesta, Joaquín
773 0 _tFACES
_g- Año 18, Nº 38/39 (ene./dic. 2012)
_wREV5046
999 _c22861
_d22861